=LDR 00000nam 2200000 4500 =001 NUTBA000000000000367 =005 20140321102312.0 =006 =007 =008 =035 ##$$a 0010-031400000000366 =082 ##$$2 371.1 =100 ##$$a PRAYITNO =245 ##$$a PENDIDIKAN KARAKTER DLM PEMB.BANGSA =260 ##$$a JAKARTA $b GRASINDO $c 2011 =300 ##$$a XVII; 200 HLM =850 ##$$a NBPNMAT =990 ##$$a 91005/BPAP-NTB/2014